Práce a mzda Odborný časopis pro otázky odměňování, pracovního práva, personalistiky a pro sociální oblast

Guardado en:
Detalles Bibliográficos
Formato: Seriadas
Lenguaje:checo
Publicado: Praha Práce 1994
Materias:
Etiquetas: Agregar Etiqueta
Sin Etiquetas, Sea el primero en etiquetar este registro!

MARC

LEADER 00000nas2a2200000 4500
001 s018067
005 20050302095251.6
022 |a 0032-6208 
041 0 |a cze 
044 |a CZ 
245 1 0 |a Práce a mzda  |b Odborný časopis pro otázky odměňování, pracovního práva, personalistiky a pro sociální oblast 
264 1 |a Praha  |b Práce  |c 1994 
300 |a 1 zv. 
773 0 |w eu_un_cat*s120250 
610 2 0 |a práca 
610 2 0 |a mzdy 
610 2 0 |a právo pracovné 
610 2 0 |a politika mzdová